[Event "L. Polugaevsky Memorial 2012"]
[Site "Samara"]
[Date "2012.07.13"]
[Round "9.17"]
[White "Fatkhutdinov, Gafiyat"]
[Black "Mirzoeva, Elmira"]
[Result "1/2-1/2"]
[WhiteElo "2354"]
[BlackElo "2251"]
[PlyCount "73"]
[EventDate "2012.??.??"]

1. d4 d5 2. c4 c6 3. Nf3 Nf6 4. e3 Bf5 5. Nc3 e6 6. Be2 Nbd7 7. Nh4 Be4 8. f3
Bg6 9. O-O Bd6 10. g3 O-O 11. b3 Qe7 12. Bb2 Ba3 13. Qc1 Bxb2 14. Qxb2 e5 15.
Rad1 exd4 16. exd4 dxc4 17. bxc4 Nb6 18. Rfe1 Rad8 19. Bf1 Qc7 20. a4 Rfe8 21.
Rxe8+ Rxe8 22. Kf2 Nc8 23. Ng2 Nd6 24. Qc1 Qa5 25. Kg1 Qb4 26. Ne3 h6 27. Qd2
Nf5 28. Nc2 Qd6 29. Bh3 h5 30. Bxf5 Bxf5 31. Ne3 Bc8 32. c5 Qe6 33. Re1 Qb3 34.
Rb1 Qe6 35. Re1 Qb3 36. Rb1 Qe6 37. Re1 1/2-1/2

[Event "L. Polugaevsky Memorial 2012"]
[Site "Samara"]
[Date "2012.07.13"]
[Round "9.18"]
[White "Shaydullina, Sandugach"]
[Black "Dimukhametov, Artur"]
[Result "0-1"]
[WhiteElo "2160"]
[BlackElo "2355"]
[PlyCount "125"]
[EventDate "2012.??.??"]

1. d4 d5 2. Nf3 Nf6 3. c4 c6 4. e3 Bf5 5. Nc3 e6 6. Nh4 Be4 7. f3 Bg6 8. Nxg6
hxg6 9. Qb3 Qc7 10. Bd2 dxc4 11. Bxc4 b5 12. Bxb5 cxb5 13. Nxb5 Qd7 14. Ba5 Na6
15. Rc1 Bb4+ 16. Qxb4 Nxb4 17. Nc7+ Kf8 18. Bxb4+ Kg8 19. Nxa8 Qb7 20. Bd6 Qxa8
21. O-O Kh7 22. e4 Rc8 23. b4 Rc6 24. Bc5 Nd7 25. a4 Qc8 26. d5 exd5 27. exd5
Rc7 28. d6 Rc6 29. Rfd1 a5 30. Rb1 axb4 31. Bxb4 Qa6 32. a5 Rc2 33. Kh1 Qe2 34.
Rg1 Ra2 35. Rbe1 Qb5 36. Re4 g5 37. h3 f5 38. Rd4 Ra4 39. Rb1 Kg6 40. h4 gxh4
41. Rxh4 Rxa5 42. Re1 Ra4 43. Re6+ Nf6 44. d7 Qxd7 45. Re1 Qb5 46. Rb1 Qd3 47.
Rc1 Qb3 48. Be1 Qb2 49. Rc7 Rxh4+ 50. Bxh4 Qa1+ 51. Kh2 Qe5+ 52. Bg3 f4 53. Rb7
Qh5+ 54. Bh4 Qxh4+ 55. Kg1 Qe1+ 56. Kh2 Nd5 57. Rb2 Ne3 58. g4 Qg3+ 59. Kh1
Qxf3+ 60. Kh2 Qg3+ 61. Kh1 Qh3+ 62. Kg1 Qf1+ 63. Kh2 0-1

[Event "L. Polugaevsky Memorial 2012"]
[Site "Samara"]
[Date "2012.07.13"]
[Round "9.19"]
[White "Palachev, Petr"]
[Black "Sazonova, Elena N"]
[Result "1-0"]
[WhiteElo "2287"]
[BlackElo "2159"]
[PlyCount "63"]
[EventDate "2012.??.??"]

1. d4 Nf6 2. c4 g6 3. Nc3 d5 4. cxd5 Nxd5 5. e4 Nxc3 6. bxc3 c5 7. Bc4 Bg7 8.
Ne2 Nc6 9. Be3 O-O 10. O-O Qc7 11. Rc1 Rd8 12. Qd2 Na5 13. Bd3 b6 14. Bh6 e5
15. Bxg7 Kxg7 16. f4 exd4 17. cxd4 c4 18. f5 Bd7 19. f6+ Kh8 20. Qh6 Rg8 21.
Rf4 g5 22. Rxc4 Qxc4 23. Bxc4 Nxc4 24. Rf3 Bg4 25. Rh3 Bxh3 26. Qxh3 b5 27. Qd7
Rae8 28. e5 Nxe5 29. dxe5 Rxe5 30. Ng3 Rf8 31. Nf5 Re6 32. Nh6 1-0

[Event "L. Polugaevsky Memorial 2012"]
[Site "Samara"]
[Date "2012.07.13"]
[Round "9.20"]
[White "Iliushkin, Evgeny"]
[Black "Mirzaev, Aziz"]
[Result "1-0"]
[WhiteElo "2264"]
[BlackElo "2154"]
[PlyCount "83"]
[EventDate "2012.??.??"]

1. c4 c5 2. b3 Nc6 3. Bb2 e5 4. Nc3 d6 5. g3 g6 6. Bg2 Bg7 7. Nd5 Nge7 8. e3
O-O 9. Ne2 f5 10. O-O Be6 11. Nxe7+ Qxe7 12. d4 Bf7 13. Qd2 Rad8 14. d5 Nb8 15.
e4 Nd7 16. Rae1 Nf6 17. f4 exf4 18. exf5 Qe3+ 19. Qxe3 fxe3 20. fxg6 Bxg6 21.
Nf4 Nh5 22. Bxg7 Nxg7 23. Bh3 Rde8 24. Be6+ Bf7 25. Rxe3 Kh8 26. Rfe1 Re7 27.
Bxf7 Rexf7 28. Ne6 Rb8 29. Nxg7 Kxg7 30. Re6 Rd8 31. Rf1 a6 32. Rxf7+ Kxf7 33.
a4 b5 34. Kf2 Rd7 35. Ke3 bxc4 36. bxc4 a5 37. Ke4 Kg7 38. g4 Kf7 39. h4 Rd8
40. Kf5 Rd7 41. Rf6+ Kg8 42. Ke6 1-0

[Event "L. Polugaevsky Memorial 2012"]
[Site "Samara"]
[Date "2012.07.13"]
[Round "9.21"]
[White "Komendatyan, Artyom"]
[Black "Zhurikhin, Alexander"]
[Result "1/2-1/2"]
[WhiteElo "2036"]
[BlackElo "2240"]
[PlyCount "77"]
[EventDate "2012.??.??"]

1. c4 b6 2. d4 e6 3. Nc3 Bb7 4. Qc2 f5 5. Nf3 Nf6 6. Bg5 Bb4 7. e3 h6 8. Bxf6
Qxf6 9. a3 Bxc3+ 10. Qxc3 O-O 11. Be2 d6 12. O-O-O Nd7 13. Ne1 c5 14. f3 Rac8
15. Nc2 d5 16. Rd2 cxd4 17. Qxd4 Qxd4 18. Nxd4 Ne5 19. Nxe6 Rfe8 20. Nd4 g6 21.
Nb5 Nxc4 22. Bxc4 Rxc4+ 23. Kb1 Rxe3 24. Nd6 Rc7 25. Nxb7 Rxb7 26. Rhd1 Rd7 27.
Rxd5 Rxd5 28. Rxd5 Re2 29. Rd7 Rxg2 30. Rxa7 Rxh2 31. Ra6 h5 32. Rxb6 Rg2 33.
Rb8+ Kg7 34. a4 h4 35. Rb7+ Kh6 36. Rb8 Kg7 37. Rb7+ Kh6 38. Rb8 Kg7 39. Rb7+
1/2-1/2

[Event "L. Polugaevsky Memorial 2012"]
[Site "Samara"]
[Date "2012.07.13"]
[Round "9.22"]
[White "Bakin, Alexander"]
[Black "Sviridova, Vlada"]
[Result "1-0"]
[WhiteElo "2176"]
[BlackElo "2115"]
[PlyCount "113"]
[EventDate "2012.??.??"]

1. e4 e6 2. c4 d5 3. exd5 exd5 4. d4 Nf6 5. Nc3 Be7 6. Bg5 c6 7. Nf3 O-O 8. Ne5
Ne4 9. Bxe7 Qxe7 10. Be2 Nxc3 11. bxc3 f6 12. Nf3 Re8 13. Kf1 Be6 14. cxd5 Bxd5
15. Qc2 Nd7 16. c4 Be4 17. Bd3 Nf8 18. Re1 Bxd3+ 19. Qxd3 Qd6 20. Rb1 b6 21. g3
Ng6 22. Rd1 Qd7 23. h4 Rad8 24. h5 Ne5 25. Nxe5 Rxe5 26. h6 g6 27. Kg2 Rg5 28.
Rh4 b5 29. Re1 bxc4 30. Qxc4+ Qd5+ 31. Qxd5+ Rgxd5 32. Re6 R5d6 33. Rhe4 g5 34.
Rxd6 Rxd6 35. Re7 f5 36. Rg7+ Kh8 37. Rxg5 Rxh6 38. Rxf5 Rd6 39. Rf7 a5 40. Rf4
Kg7 41. Kf3 Rd5 42. Ke4 Kg6 43. Rf3 Rb5 44. Rc3 Rb2 45. Rxc6+ Kf7 46. f4 Rxa2
47. Rh6 Kg7 48. Ra6 a4 49. Kf5 a3 50. Ra7+ Kf8 51. Rxh7 Rg2 52. g4 a2 53. Ra7
Rd2 54. g5 Rf2 55. Ke5 Ke8 56. g6 Kf8 57. f5 1-0

[Event "L. Polugaevsky Memorial 2012"]
[Site "Samara"]
[Date "2012.07.13"]
[Round "9.23"]
[White "Gusarov, Aleksey"]
[Black "Travkina, Anastasia"]
[Result "1/2-1/2"]
[WhiteElo "1877"]
[BlackElo "2169"]
[PlyCount "166"]
[EventDate "2012.??.??"]

1. e4 c5 2. Nf3 d6 3. d4 cxd4 4. Qxd4 a6 5. Bc4 Nc6 6. Qd3 Nf6 7. O-O e6 8. Nc3
Be7 9. Bf4 Nh5 10. Be3 O-O 11. Rad1 Qa5 12. a3 b5 13. Bb3 Nf6 14. Qe2 Qc7 15.
Nd4 Nxd4 16. Bxd4 Bb7 17. f3 Bc6 18. Rfe1 Rfe8 19. Kh1 Qb7 20. Bxf6 gxf6 21. f4
Kh8 22. f5 Bd7 23. Qh5 Rg8 24. Qxf7 Rg7 25. Qh5 exf5 26. Bd5 Bc6 27. Qxf5 Re8
28. Qf4 Qc8 29. Bxc6 Qxc6 30. Qd2 Reg8 31. Re2 Qd7 32. Nd5 Bd8 33. Ne3 Qe6 34.
Nf5 Rd7 35. Qd5 Re8 36. Red2 Bc7 37. Qxe6 Rxe6 38. Rd4 Re5 39. Nxd6 Bxd6 40.
Rxd6 Rxd6 41. Rxd6 Rxe4 42. Kg1 Re2 43. Rc6 Kg7 44. Kf1 Rd2 45. b4 Kg6 46. Rxa6
Rxc2 47. Rb6 Ra2 48. Rxb5 Rxa3 49. Rb7 Rb3 50. b5 Rb1+ 51. Kf2 Rb2+ 52. Kf3
Rb3+ 53. Kg4 h5+ 54. Kh4 Rb4+ 55. Kh3 Rb3+ 56. g3 f5 57. Rb8 f4 58. b6 f3 59.
Rf8 Rxb6 60. Rxf3 Rb2 61. Rf1 Kg5 62. Ra1 Rc2 63. Rg1 Rc3 64. Rg2 h4 65. Ra2
hxg3 66. hxg3 Rc5 67. Ra3 Rb5 68. Kg2 Rb1 69. Ra8 Rb2+ 70. Kh3 Rb6 71. Rg8+ Kf6
72. Ra8 Kg5 73. Ra5+ Kg6 74. Kh4 Kg7 75. g4 Rc6 76. Kg5 Rb6 77. Ra7+ Kg8 78.
Kh5 Rc6 79. g5 Rb6 80. Rd7 Ra6 81. Rd3 Kg7 82. Rd5 Rb6 83. g6 Rb1 1/2-1/2

[Event "L. Polugaevsky Memorial 2012"]
[Site "Samara"]
[Date "2012.07.13"]
[Round "9.24"]
[White "Khanin, Semen"]
[Black "Shomoev, Anton"]
[Result "1/2-1/2"]
[WhiteElo "2221"]
[BlackElo "2582"]
[PlyCount "81"]
[EventDate "2012.??.??"]

1. e4 c5 2. Nf3 d6 3. d4 cxd4 4. Nxd4 Nf6 5. Nc3 a6 6. Be3 e6 7. f3 b5 8. Qd2
Nbd7 9. g4 b4 10. Nce2 h6 11. O-O-O Qc7 12. h4 d5 13. Bf4 e5 14. Bh2 dxe4 15.
g5 hxg5 16. hxg5 Rxh2 17. Rxh2 exd4 18. Rh8 Nd5 19. Qxd4 Bb7 20. fxe4 N5b6 21.
Qxb4 O-O-O 22. Qd4 Qc5 23. e5 Qxd4 24. Nxd4 Nxe5 25. Ne6 Rxd1+ 26. Kxd1 Ng6 27.
Rxf8+ Nxf8 28. Nxf8 Kd8 29. Bd3 Ke7 30. Nh7 Na4 31. Kc1 Nc5 32. Bf5 Be4 33.
Bxe4 Nxe4 34. Kd1 Ke6 35. Ke2 Kf5 36. Ke3 Nxg5 37. Nxg5 Kxg5 38. c4 Kf5 39. Kd4
g5 40. Ke3 a5 41. b3 1/2-1/2

[Event "L. Polugaevsky Memorial 2012"]
[Site "Samara"]
[Date "2012.07.13"]
[Round "9.25"]
[White "Virovlansky, Semen"]
[Black "Smetanov, Nikolay"]
[Result "1/2-1/2"]
[WhiteElo "2471"]
[BlackElo "2095"]
[PlyCount "99"]
[EventDate "2012.??.??"]

1. d4 Nf6 2. c4 g6 3. Nc3 d5 4. Bf4 Bg7 5. e3 c5 6. dxc5 Qa5 7. Rc1 Ne4 8. Qa4+
Qxa4 9. Nxa4 Bd7 10. Nc3 Nxc3 11. bxc3 dxc4 12. Bxc4 Bc6 13. Nf3 Nd7 14. O-O
Nxc5 15. Ne5 Bxe5 16. Bxe5 O-O 17. f3 Nd7 18. Bg3 Rfd8 19. Rfd1 Rac8 20. Rd4 e5
21. Rdd1 Kf8 22. Bh4 f6 23. f4 Ke7 24. Be2 exf4 25. exf4 Nb6 26. c4 Rxd1+ 27.
Rxd1 Ba4 28. Rb1 Bc2 29. Rb4 Rc7 30. Bf2 Nc8 31. c5 Bf5 32. g4 Be6 33. a3 Bd5
34. f5 Kf7 35. Rd4 Ne7 36. fxg6+ hxg6 37. Rd1 Rd7 38. Bb5 Rc7 39. a4 a6 40. Bf1
Be6 41. h3 Bb3 42. Ra1 Bd5 43. Kh2 Rd7 44. Bg3 Be6 45. Bg2 Bd5 46. Rb1 Bxg2 47.
Kxg2 g5 48. h4 gxh4 49. Bxh4 Nd5 50. Rb3 1/2-1/2

[Event "L. Polugaevsky Memorial 2012"]
[Site "Samara"]
[Date "2012.07.13"]
[Round "9.26"]
[White "Vdovin, Maxim"]
[Black "Rozhko, Dmitry"]
[Result "0-1"]
[WhiteElo "1752"]
[BlackElo "2406"]
[PlyCount "84"]
[EventDate "2012.??.??"]

1. d4 d5 2. c4 c6 3. e3 Nf6 4. Nf3 Bf5 5. Nc3 e6 6. Nh4 Bg4 7. Qb3 Qb6 8. c5
Qc7 9. h3 Bh5 10. Be2 Bxe2 11. Nxe2 Nbd7 12. O-O Be7 13. f4 Ne4 14. Nf3 O-O 15.
Qc2 b6 16. b4 a5 17. cxb6 Qxb6 18. bxa5 Rxa5 19. Nd2 Nxd2 20. Bxd2 Ra6 21. a4
c5 22. a5 Qa7 23. Bc3 Rc8 24. Qd2 Nf6 25. Ng3 Rac6 26. dxc5 Bxc5 27. Bd4 h5 28.
Bxc5 Rxc5 29. h4 Rc3 30. Rfc1 Rxc1+ 31. Rxc1 Rxc1+ 32. Qxc1 Qxa5 33. Qc8+ Kh7
34. Qc2+ g6 35. Qc1 Ng4 36. Nf1 Qa2 37. Qe1 Qb2 38. Nh2 d4 39. Nxg4 hxg4 40. g3
d3 41. Kf1 Qh2 42. Qb1 Qh1+ 0-1

[Event "L. Polugaevsky Memorial 2012"]
[Site "Samara"]
[Date "2012.07.13"]
[Round "9.28"]
[White "Sukhareva, Evgeniya"]
[Black "Semenova, Alena"]
[Result "1-0"]
[WhiteElo "2259"]
[BlackElo "1957"]
[PlyCount "83"]
[EventDate "2012.??.??"]

1. d4 c5 2. d5 e5 3. e4 d6 4. Nc3 Be7 5. g3 a6 6. a4 Bg5 7. Bg2 Nh6 8. Nf3 Bxc1
9. Qxc1 O-O 10. Nd2 Nd7 11. Nc4 Nb6 12. Nd2 f5 13. a5 Nd7 14. Nc4 Nf6 15. Nb6
Rb8 16. Bh3 Bd7 17. O-O f4 18. Bg2 Ne8 19. f3 Nc7 20. Ne2 fxg3 21. hxg3 Na8 22.
Nxd7 Qxd7 23. Kh2 Nc7 24. Bh3 Qe8 25. b3 b6 26. axb6 Rxb6 27. Nc3 Nb5 28. Na4
Rb8 29. Nb2 Nd4 30. Qd1 Qb5 31. Nc4 Rf6 32. Be6+ Nxe6 33. dxe6 Rxe6 34. Qd5 Qe8
35. Nxd6 Qd7 36. Nc4 Qf7 37. Kg2 Kh8 38. Nxe5 Qe8 39. Nc4 Rg6 40. Rh1 Qf8 41.
Qh5 Qf4 42. Qxg6 1-0

[Event "L. Polugaevsky Memorial 2012"]
[Site "Samara"]
[Date "2012.07.13"]
[Round "9.29"]
[White "Korchmar, Vasiliy"]
[Black "Sazonova, Anastasia"]
[Result "1/2-1/2"]
[WhiteElo "2236"]
[BlackElo "1939"]
[PlyCount "168"]
[EventDate "2012.??.??"]

1. d4 Nf6 2. Nf3 g6 3. c4 Bg7 4. g3 O-O 5. Bg2 d6 6. O-O Nc6 7. Nc3 Bf5 8. b3
e5 9. d5 Ne7 10. Ne1 Ne8 11. e4 Bd7 12. Be3 f5 13. f3 f4 14. Bf2 g5 15. g4 h5
16. h3 Kf7 17. c5 Rh8 18. Rc1 Nf6 19. Nd3 Qg8 20. Na4 Rc8 21. Nab2 hxg4 22.
fxg4 Qh7 23. Re1 b6 24. cxb6 cxb6 25. Nc4 Ne8 26. a4 Ng6 27. Qf3 Ke7 28. Re2
Nf6 29. Rec2 Nh4 30. Bxh4 Qxh4 31. Nf2 Qh7 32. Qc3 Qh4 33. Qb4 Ne8 34. Qa3 Rf8
35. Rc3 Qh6 36. Nd2 Nf6 37. Rc7 Rxc7 38. Rxc7 Rc8 39. Rxc8 Bxc8 40. Qc1 Kd8 41.
Qc6 Nd7 42. Qa8 a5 43. Nc4 Bf8 44. Qc6 Qh7 45. Nd3 f3 46. Nxb6 Nxb6 47. Qxb6+
Ke8 48. Qb8 Kd8 49. Bxf3 Qxh3 50. Kf2 Qh2+ 51. Ke3 Qg1+ 52. Ke2 Qd4 53. Kd2 Be7
54. Qb5 Qa7 55. b4 Bd7 56. Qxa5+ Qxa5 57. bxa5 Bxa4 58. Kc3 Bb5 59. Nc1 Kc8 60.
Kb4 Bd7 61. Nb3 Kb7 62. Nd2 Bd8 63. Nc4 Bc7 64. Ne3 Ka7 65. Be2 Bd8 66. Bb5 Bc8
67. Be8 Ka6 68. Bb5+ Ka7 69. Be2 Bd7 70. Nf5 Bc7 71. Bd3 Kb7 72. Bb5 Bc8 73.
Nh6 Bd8 74. Be8 Ka6 75. Ka4 Bxa5 76. Nf7 Bxg4 77. Nxd6 Bd1+ 78. Ka3 Bf3 79. Nc4
Bxe4 80. d6 Bf5 81. Nxe5 Bd2 82. Bc6 Bf4 83. d7 Bxd7 84. Nxd7 Ka5 1/2-1/2

[Event "L. Polugaevsky Memorial 2012"]
[Site "Samara"]
[Date "2012.07.13"]
[Round "9.30"]
[White "Kabanova, Ekaterina"]
[Black "Purygin, Andrei"]
[Result "0-1"]
[WhiteElo "2164"]
[BlackElo "2249"]
[PlyCount "92"]
[EventDate "2012.??.??"]

1. c4 e5 2. Nc3 Nc6 3. g3 Nf6 4. Bg2 g6 5. d3 Bg7 6. Nf3 O-O 7. O-O Re8 8. Ng5
Nd4 9. e3 Nf5 10. Qb3 c6 11. Bd2 Ng4 12. Nge4 d6 13. h3 Nf6 14. Ne2 Nxe4 15.
dxe4 Ne7 16. Rad1 Qc7 17. Qc2 Be6 18. b3 f5 19. Bb4 Rad8 20. Nc3 a5 21. Ba3 b5
22. Ne2 b4 23. Bb2 fxe4 24. Qxe4 Qc8 25. g4 d5 26. cxd5 cxd5 27. Qb1 a4 28.
bxa4 Qa6 29. Nc1 d4 30. exd4 exd4 31. Nb3 Bc4 32. Rfe1 Nd5 33. Rxe8+ Rxe8 34.
Re1 Rf8 35. Nc5 Qd6 36. Ne6 Nc3 37. Bxc3 bxc3 38. Nxf8 d3 39. Rc1 Qxf8 40. Qb7
d2 41. Rf1 c2 42. Bd5+ Kh8 43. Bxc4 d1=Q 44. Qb3 Qxf1+ 45. Kxf1 c1=Q+ 46. Ke2
Bd4 0-1

[Event "L. Polugaevsky Memorial 2012"]
[Site "Samara"]
[Date "2012.07.13"]
[Round "9.31"]
[White "Duzhakov, Ilya"]
[Black "Shapiro, David"]
[Result "1/2-1/2"]
[WhiteElo "2342"]
[BlackElo "2007"]
[PlyCount "137"]
[EventDate "2012.??.??"]

1. d4 d5 2. c4 c6 3. Nf3 Nf6 4. e3 Bf5 5. Nc3 e6 6. Nh4 Bg6 7. Qb3 Qc7 8. Nxg6
hxg6 9. h3 Nbd7 10. Bd2 Be7 11. Be2 Nb6 12. cxd5 exd5 13. Rc1 Qd6 14. a4 Qb4
15. Qc2 Qd6 16. a5 Nbd7 17. a6 b6 18. Bf3 g5 19. g3 Qe6 20. Bg2 O-O 21. O-O
Rac8 22. Rfe1 g4 23. h4 Bb4 24. e4 Bxc3 25. exd5 Qd6 26. Bf4 Qxf4 27. gxf4 Bxe1
28. Rxe1 cxd5 29. Qb3 Rc4 30. Rd1 Rfc8 31. Rd2 Nb8 32. Qb5 Nc6 33. Bxd5 Nxd4
34. Bxc4 Nxb5 35. Bxb5 Kf8 36. b3 Rc5 37. Bc4 b5 38. Bf1 Nd5 39. Rd4 Nc7 40.
Kg2 Rc6 41. Rd8+ Ke7 42. Rc8 Kd7 43. Rb8 Rxa6 44. Bxb5+ Nxb5 45. Rxb5 Ra1 46.
f5 Ke7 47. Kg3 Rg1+ 48. Kf4 Rg2 49. Rb7+ Kf6 50. Rxa7 Rxf2+ 51. Kxg4 Rg2+ 52.
Kf4 Rf2+ 53. Ke4 Rh2 54. Ra6+ Ke7 55. Ke5 Rxh4 56. Ra7+ Ke8 57. Rb7 Rh1 58. b4
Re1+ 59. Kd6 Rd1+ 60. Kc5 Rf1 61. Kd6 Rd1+ 62. Kc7 Ke7 63. Rb5 Rb1 64. Rb6 Rc1+
65. Rc6 Rb1 66. Rb6 Rc1+ 67. Rc6 Rb1 68. Rb6 Rc1+ 69. Rc6 1/2-1/2

[Event "L. Polugaevsky Memorial 2012"]
[Site "Samara"]
[Date "2012.07.13"]
[Round "9.32"]
[White "Litvinov, Maxim"]
[Black "Popov, Alexey"]
[Result "0-1"]
[WhiteElo "1947"]
[BlackElo "2229"]
[PlyCount "70"]
[EventDate "2012.??.??"]

1. e4 d6 2. d4 Nf6 3. Nc3 e5 4. dxe5 dxe5 5. Qxd8+ Kxd8 6. Bg5 c6 7. O-O-O+
Nbd7 8. Bc4 Ke8 9. f3 h6 10. Be3 Bc5 11. Bxc5 Nxc5 12. Nge2 b5 13. b4 Na6 14.
Bb3 Nxb4 15. Rd6 Ke7 16. Rhd1 Ne8 17. Rd8 a5 18. a3 Na6 19. f4 Nc5 20. fxe5 Bb7
21. Rxa8 Bxa8 22. Nd4 g6 23. Rf1 Rf8 24. Kd2 f6 25. exf6+ Nxf6 26. e5 Nfe4+ 27.
Nxe4 Nxb3+ 28. cxb3 Rxf1 29. g3 Ra1 30. Nc2 Rh1 31. h4 Ke6 32. Nc5+ Kxe5 33.
Ne1 Kf5 34. Ned3 Rg1 35. Nd7 Rg2+ 0-1

[Event "L. Polugaevsky Memorial 2012"]
[Site "Samara"]
[Date "2012.07.13"]
[Round "9.33"]
[White "Bobrov, Vitaly"]
[Black "Liberman, Evgeny"]
[Result "0-1"]
[WhiteElo "1925"]
[BlackElo "2213"]
[PlyCount "60"]
[EventDate "2012.??.??"]

1. e4 Nc6 2. Nf3 d6 3. d4 Nf6 4. Nc3 Bg4 5. Be2 e5 6. d5 Ne7 7. O-O Ng6 8. Be3
a6 9. Nd2 Bd7 10. a4 Be7 11. a5 O-O 12. Nb3 h6 13. f3 Nh5 14. g3 Bh3 15. Re1
Bg5 16. Bf2 Nf6 17. Na4 Nh7 18. c4 f5 19. c5 fxe4 20. cxd6 e3 21. dxc7 exf2+
22. Kxf2 Qxc7 23. Nb6 Rad8 24. Bd3 Qf7 25. Bxg6 Qxg6 26. Rxe5 Rxf3+ 27. Qxf3
Rf8 28. Qxf8+ Nxf8 29. Re2 Qf5+ 30. Kg1 Qf3 0-1

[Event "L. Polugaevsky Memorial 2012"]
[Site "Samara"]
[Date "2012.07.13"]
[Round "9.34"]
[White "Elistratov, Semen"]
[Black "Klyuev, Alexander S"]
[Result "0-1"]
[WhiteElo "1985"]
[BlackElo "2191"]
[PlyCount "48"]
[EventDate "2012.??.??"]

1. e4 b6 2. d4 Bb7 3. Nc3 e6 4. Nf3 Bb4 5. Bd3 Nf6 6. e5 Ne4 7. Bxe4 Bxe4 8.
O-O Bb7 9. a3 Be7 10. Ne1 O-O 11. f4 f6 12. Nf3 d6 13. Be3 fxe5 14. fxe5 Nd7
15. Qe2 dxe5 16. Nxe5 Nxe5 17. dxe5 Rxf1+ 18. Rxf1 Bg5 19. Kh1 Qe7 20. b4 a5
21. Nb5 Bxe3 22. Qxe3 axb4 23. axb4 Qxb4 24. Nxc7 Qc4 0-1

[Event "L. Polugaevsky Memorial 2012"]
[Site "Samara"]
[Date "2012.07.13"]
[Round "9.35"]
[White "Popelyshev, Igor V"]
[Black "Rotmistrov, Aleksandr"]
[Result "1/2-1/2"]
[WhiteElo "2095"]
[BlackElo "1835"]
[PlyCount "83"]
[EventDate "2012.??.??"]

1. e4 a6 2. d4 b5 3. Nf3 Bb7 4. Bd3 e6 5. O-O d6 6. c3 Nf6 7. a4 Nxe4 8. axb5
axb5 9. Rxa8 Bxa8 10. Bxb5+ Nd7 11. Qa4 Nef6 12. Bg5 Bxf3 13. gxf3 Be7 14. Bxf6
Bxf6 15. Nd2 Ke7 16. Bxd7 Qxd7 17. Ra1 Rb8 18. b4 Qxa4 19. Rxa4 d5 20. Ra7 Kd7
21. Nb3 Be7 22. Kf1 Bd6 23. h3 f6 24. Ke2 e5 25. Kd3 Ke6 26. Nc5+ Kf5 27. Na6
Rc8 28. b5 g5 29. c4 dxc4+ 30. Kxc4 e4 31. Kd5 exf3 32. Kc6 Bg3 33. Nxc7 Bxf2
34. Ra3 Ke4 35. d5 Bg3 36. d6 f2 37. Ra1 Kf3 38. b6 Bxd6 39. Kxd6 Kg2 40. Nd5
Re8 41. b7 f1=Q 42. Rxf1 1/2-1/2

[Event "L. Polugaevsky Memorial 2012"]
[Site "Samara"]
[Date "2012.07.13"]
[Round "9.37"]
[White "Korovin, Mikhail"]
[Black "Sinyanskiy, Maxim"]
[Result "1-0"]
[WhiteElo "2110"]
[BlackElo "1753"]
[PlyCount "59"]
[EventDate "2012.??.??"]

1. Nf3 c5 2. b3 Nf6 3. Bb2 e6 4. e3 a6 5. Be2 Be7 6. O-O d6 7. d4 Nbd7 8. c4
O-O 9. Nc3 b6 10. d5 e5 11. Nd2 Ne8 12. f4 f5 13. Kh1 exf4 14. exf4 Ndf6 15.
Nf3 Ne4 16. Qc2 N8f6 17. Bd3 Nxc3 18. Bxc3 Nh5 19. g3 Bf6 20. Rae1 h6 21. Ne5
dxe5 22. fxe5 Bg5 23. e6 f4 24. g4 Ng3+ 25. hxg3 fxg3 26. Rxf8+ Kxf8 27. Rf1+
Kg8 28. Rf7 b5 29. Bh7+ Kh8 30. Bxg7# 1-0

[Event "L. Polugaevsky Memorial 2012"]
[Site "Samara"]
[Date "2012.07.13"]
[Round "9.38"]
[White "Gusev, Boris A"]
[Black "Idrisova, Roza"]
[Result "0-1"]
[WhiteElo "1956"]
[BlackElo "2101"]
[PlyCount "132"]
[EventDate "2012.??.??"]

1. e4 c6 2. d4 d5 3. e5 g6 4. Be3 h5 5. Bd3 Nh6 6. f4 Bf5 7. Nf3 e6 8. O-O Be7
9. c3 Bxd3 10. Qxd3 Nf5 11. Nbd2 Nd7 12. b4 b6 13. Nb3 a5 14. a3 a4 15. Nc1 c5
16. Ne2 Qc8 17. Bf2 Qa6 18. Rfd1 Qxd3 19. Rxd3 Kd8 20. Rc1 Rc8 21. g3 cxb4 22.
cxb4 Rxc1+ 23. Nxc1 Kc8 24. Rc3+ Kb7 25. Nd3 Rc8 26. Rxc8 Kxc8 27. Kf1 Kb7 28.
Ke1 Kc6 29. Kd1 b5 30. Nd2 Nb6 31. Nb1 Nc4 32. Ke2 Bd8 33. h3 Nh6 34. Kf3 Be7
35. g4 hxg4+ 36. hxg4 g5 37. Bg3 gxf4 38. Bxf4 Ng8 39. Bc1 Bd8 40. Bf4 Bb6 41.
Nc5 Ne7 42. Bg3 Ng6 43. Bf4 Bxc5 44. dxc5 Ngxe5+ 45. Bxe5 Nxe5+ 46. Kf4 f6 47.
Kg3 d4 48. Kf4 Kd5 49. Nd2 Ng6+ 50. Kf3 f5 51. gxf5 exf5 52. Nb1 Ke6 53. Nd2
Ne5+ 54. Ke2 Kd5 55. Nf3 Nc6 56. Kd3 f4 57. Ke2 Kc4 58. Kd2 Kb3 59. Kd3 Kxa3
60. Nxd4 Nxb4+ 61. Kd2 Nd5 62. Nc2+ Kb2 63. c6 a3 64. Ne1 a2 65. Nd3+ Kb1 66.
Nb4 a1=Q 0-1

[Event "L. Polugaevsky Memorial 2012"]
[Site "Samara"]
[Date "2012.07.13"]
[Round "9.39"]
[White "Kobylsky, Evgeny"]
[Black "Velichko, Artemy"]
[Result "1-0"]
[WhiteElo "2091"]
[BlackElo "1761"]
[PlyCount "123"]
[EventDate "2012.??.??"]

1. e4 e6 2. d4 d5 3. e5 c5 4. c3 Qb6 5. Nf3 Nc6 6. a3 c4 7. Nbd2 Na5 8. g3 Bd7
9. Bh3 Ne7 10. Nf1 Nb3 11. Rb1 Ba4 12. Qe2 h6 13. Ne3 O-O-O 14. O-O Kb8 15. Bg4
h5 16. Bh3 h4 17. Ng5 hxg3 18. fxg3 Be8 19. Bg4 Nxd4 20. cxd4 Qxd4 21. Kg2 Qxe5
22. Nc2 Qxe2+ 23. Bxe2 Nf5 24. Bf4+ Bd6 25. Rbd1 Bxf4 26. Rxf4 Ba4 27. Nxf7
Bxc2 28. Rd2 Bb3 29. Nxh8 Rxh8 30. Kg1 Rc8 31. Bg4 g6 32. Re2 Rc6 33. Bxf5 gxf5
34. Re3 Bc2 35. g4 Be4 36. g5 e5 37. Rh4 Rg6 38. Rh8+ Kc7 39. h4 d4 40. Re2 d3
41. Rd2 f4 42. Rh6 Rxh6 43. gxh6 Kd6 44. Kf2 Bf5 45. Kf3 Kd5 46. Rd1 Be4+ 47.
Kf2 Kd4 48. Rg1 c3 49. bxc3+ Kxc3 50. Rc1+ Kb2 51. Rc7 Bf5 52. Rxb7+ Kc3 53.
Rc7+ Kd2 54. Rc5 e4 55. Rxf5 e3+ 56. Kg2 e2 57. Re5 e1=Q 58. Rxe1 Kxe1 59. h7
d2 60. h8=Q f3+ 61. Kg3 d1=Q 62. Qc3+ 1-0

[Event "L. Polugaevsky Memorial 2012"]
[Site "Samara"]
[Date "2012.07.13"]
[Round "9.40"]
[White "Sorochan, Dmitry"]
[Black "Chekalkina, Viktoria"]
[Result "0-1"]
[WhiteElo "2068"]
[BlackElo "1834"]
[PlyCount "56"]
[EventDate "2012.??.??"]

1. e4 d5 2. exd5 Qxd5 3. Nc3 Qa5 4. Rb1 e5 5. Bc4 Nf6 6. Nf3 Bf5 7. O-O Bd6 8.
b4 Bxb4 9. a3 Bxc3 10. dxc3 Nbd7 11. Rxb7 O-O 12. Qe2 a6 13. Bg5 e4 14. Nd4 Bg6
15. Bf4 Qxc3 16. Nc6 Bh5 17. f3 exf3 18. gxf3 Qxa3 19. Rxc7 Rfe8 20. Qd3 Qc5+
21. Qd4 Qf5 22. Qd6 Qh3 23. Bg3 Re3 24. Nd4 Rae8 25. Bxa6 Ne5 26. Bb5 Nxf3+ 27.
Kf2 Nxd4 28. Qxd4 Re2+ 0-1

[Event "L. Polugaevsky Memorial 2012"]
[Site "Samara"]
[Date "2012.07.13"]
[Round "9.41"]
[White "Alieva, Alexandra"]
[Black "Chekletsov, Ilya"]
[Result "0-1"]
[WhiteElo "1975"]
[BlackElo "2021"]
[PlyCount "104"]
[EventDate "2012.??.??"]

1. e4 c5 2. d3 Nc6 3. f4 g6 4. Nf3 Bg7 5. g3 e6 6. Bg2 Nge7 7. O-O d6 8. c3 O-O
9. Be3 f5 10. Nbd2 b6 11. d4 fxe4 12. Nxe4 Nf5 13. Qd3 d5 14. Ned2 Ba6 15. Qxa6
Nxe3 16. Qe2 cxd4 17. Rfe1 Re8 18. Qd3 Nxg2 19. Kxg2 dxc3 20. bxc3 Rc8 21. Rac1
Qd6 22. Ne4 Qa3 23. Neg5 Nb4 24. Qb5 Nxa2 25. Rc2 Nxc3 26. Qd3 Qd6 27. Rec1 Rc5
28. Rxc3 Bxc3 29. Ne4 dxe4 30. Qxd6 exf3+ 31. Kxf3 Kf7 32. Rb1 Re7 33. Rb3 Bf6
34. Rb1 Rec7 35. Re1 R5c6 36. Qd1 b5 37. Re2 a5 38. Ra2 a4 39. Qb1 Rc3+ 40. Kg4
R7c5 41. Qd1 Rd5 42. Rd2 Rxd2 43. Qxd2 Rb3 44. Qa2 Rb2 45. Qa3 Rxh2 46. Qc5 h5+
47. Kf3 Rb2 48. Qc7+ Be7 49. Qc6 a3 50. Qa6 a2 51. Qa7 Rb3+ 52. Kg2 Ra3 0-1

[Event "L. Polugaevsky Memorial 2012"]
[Site "Samara"]
[Date "2012.07.13"]
[Round "9.42"]
[White "Maslova, Polina"]
[Black "Bykova, Anastasia"]
[Result "1/2-1/2"]
[WhiteElo "1824"]
[BlackElo "2005"]
[PlyCount "84"]
[EventDate "2012.??.??"]

1. e4 e6 2. d4 d5 3. exd5 exd5 4. Nf3 Bd6 5. c4 c6 6. Nc3 Ne7 7. Bd3 h6 8. O-O
O-O 9. h3 Nd7 10. Re1 dxc4 11. Bxc4 Nb6 12. Bd3 Bf5 13. Ne4 Bc7 14. Qc2 Bxe4
15. Bxe4 Ned5 16. b3 Nf6 17. Bf5 Nbd5 18. Bb2 a5 19. a3 Bd6 20. Ne5 Re8 21.
Rad1 Qc7 22. Qc1 Rad8 23. Bb1 Re6 24. Qc2 Rde8 25. Kf1 Qe7 26. Qd2 Bxa3 27.
Bxa3 Qxa3 28. Bc2 Qb4 29. Qd3 Qc3 30. Ra1 c5 31. Qxc3 Nxc3 32. Rxa5 b6 33. Raa1
cxd4 34. Nf3 Rxe1+ 35. Rxe1 Rd8 36. Bd3 g6 37. Ra1 Nfd5 38. Ra7 b5 39. Ne5 Nf4
40. Nxf7 Re8 41. Nxh6+ Kh8 42. Nf7+ Kg8 1/2-1/2